| Tag |
First Indicator |
Second Indicator |
Subfields |
| LEADER |
00000cam a2200000 a 4500 |
| 001 |
in00000098774 |
| 005 |
20150924155805.0 |
| 008 |
780209s1967 gw 00011 germ |
| 010 |
|
|
|a 77561902
|
| 015 |
|
|
|a GFR***
|
| 020 |
|
|
|a 3518014501
|
| 035 |
|
|
|a (OCoLC)03708420
|
| 035 |
|
|
|9 AAK9898AM
|
| 040 |
|
|
|a DLC
|c DLC
|d m.c.
|d TXA
|d UtOrBLW
|
| 049 |
|
|
|a TXAM
|c [986084]
|
| 050 |
0 |
0 |
|a PT2647.A64
|b G5 1976
|
| 090 |
|
|
|a PT2647 A64
|b G5 1981
|
| 100 |
1 |
|
|a Walser, Robert,
|d 1878-1956.
|
| 245 |
1 |
0 |
|a Geschwister Tanner :
|b Roman /
|c Robert Walser.
|
| 264 |
|
1 |
|a [Frankfurt am Main] :
|b Suhrkamp,
|c [1967]
|
| 264 |
|
3 |
|c 1981 printing
|
| 264 |
|
4 |
|c ©1967
|
| 300 |
|
|
|a 332 pages ;
|c 19 cm.
|
| 336 |
|
|
|a text
|b txt
|2 rdacontent
|
| 337 |
|
|
|a unmediated
|b n
|2 rdamedia
|
| 338 |
|
|
|a volume
|b nc
|2 rdacarrier
|
| 490 |
0 |
|
|a Bibliothek Suhrkamp ;
|v Bd. 450
|
| 999 |
|
|
|a MARS
|
| 999 |
f |
f |
|s e7a695fe-a7fb-329a-b225-7ad75d6d9ce3
|i a7abe2a2-8fba-3db5-96f0-7b5eeeda5793
|t 0
|
| 952 |
f |
f |
|p normal
|a Texas A&M University
|b College Station
|c Sterling C. Evans Library
|d Evans: Library Stacks
|t 0
|e PT2647 A64 G5 1981
|h Library of Congress classification
|i unmediated -- volume
|m A14806033040
|
| 998 |
f |
f |
|a PT2647 A64 G5 1981
|t 0
|l Evans: Library Stacks
|